Brooklyn Nine-Nine Quizz #2 - Statistiques

Statistiques générales
  • Ce quiz a été pris 92 fois
  • Le résultat moyen est 9 sur 20
Statistiques - réponses
Hint Réponse % Correct
Quelle était la couleur du gâteau de naissance qu'ont préparé Jake, Charles, Roger et Walter ? Vert
82%
Qui a remporté le quatrième casse d'Halloween ? Gina
81%
Quel doigt Roger Peralta s'est-il coupé à deux reprises ? Le pouce
79%
Quel est le véritable nom du voleur de Pontiac ? Doug Judy
76%
Par quel "moyen de transport" Jake a-t-il rejoint Amy au poste le jour de son accouchement ? A Cheval
73%
Quel accessoire Holt oblige-t-il à Jake de porter dès son arrivée à la 99 ème ? Une cravate
62%
Qui est Kelly pour Scully ? Sa femme ou son chien ? Les deux
56%
De quel chanteur O'Sullivan est-il un immense fan ? Billy Joel
44%
Comment s'appelle l'ami cannibale de Jake lorsqu'il est en prison ? Calleb
41%
Quel est le nom du capitaine de police, mort d'une crise cardiaquealors qu'il surprend Jake et Amy en train de s'embrasser dans le local des scellés ? Seth Dozerman
36%
Pour quel membre de la mafia surnommé "Le Boucher", travaillait Pimento lorsqu'il était sous couverture ? Jimmy Figis
35%
Comment s'appelait le chien de Charles qui avait pour habitude de se frotter à toutes les jambes ? Jason
32%
Quel est le nom de la décapotable d'Holt et Kevin ? Gertie
29%
Quel est le surnom du criminel qui étrangle ses victimes avec une ficelle de yoyo ? L'étrangleur Disco
29%
Quel est le prénom du frère jumeau de Scully ? Earl
28%
Quel est le prénom du père biologique de Nikolaj ? Gintars
19%
En qui Charles était-il costumé lors du premier casse d'Halloween ? Mario Batali
18%
Dans la dernière saison, quel nouveau personnage a volé plusieurskilos de cocaïne dans le local des scellés pour le compte de Silvio Nucci ? Debbie Fogle
17%
Quel était le prénom de l'ex petite amie japonaise de Terry ? Chiaki
12%
Quel est le numéro sur le badge de police de Jake ? 9544
6%
Aucun quiz correspondant
Distribution des résultats
% des personnes avec chaque résultat
Percentile par nombre de réponses
Votre historique - résultats
Vous n’avez pas pris ce quiz